000 00331nam a2200157Ia 4500
100 _aKhurmi/R.S/ Gupta/J.K
650 _aWorkshop
942 _cBK
366 _f12.5
245 _aText book of Workshop technology
260 _bS.Chand & Co.
082 _a658.5/KHU
_bKHU
300 _a551
546 _aENGLISH
999 _c23009
_d23009